000 003200000a22000970004500
100 1 _aAgua, Agustín del
245 1 0 _aJewish procedures of biblie interpretation in the gospels : A proposal for a systematic classification
300 _avol. 60, núm 1 (20029, Páginas 77-106
773 0 _tEstudios Bíblicos
942 _cANA
999 _c50350
_d50350